000 00540cam a22002052a 4500
001 017447
003 AR-FADEU
008 311216n2003####xxu####################dd
020 _a84-95787-44-X
092 _a658.403
_bS845-2
100 _aSpencer, Johnson
245 _aSí o no : guía práctica para tomar decisiones
250 _a2a. ed
260 _aBuenos Aires
260 _bEmpresa Activa
260 _c2003
300 _a186 p
650 _aADMINISTRACION DE ORGANIZACIONES; TOMA DE DECISIONES; GERENCIA
942 _cBDGR
999 _c23194
_d23194